Movie Mythical Creature Match Quiz Stats

 Plays Quiz Updated Jun 8, 2016

Challenge
Share
Tweet
Score 0/16 Timer 04:00
6 Plays Today
% Correct
Genie
98.3%
Hobbit
97.6%
Ogre
97%
Wookiee
96.1%
Flying Monkey
95%
Zombie
92.7%
Basilisk
83.7%
Giant Sandworm
79.1%
% Correct
Vampire
76%
Sasquatch
71%
Grendel
69.9%
Armoured Bear (Panserbjørn)
68.2%
Hydra
62.4%
Faun
61.6%
Minotaur
44%
Gelfling
37%

You're not logged in!

Compare scores with friends on all Sporcle quizzes.
Join for Free
OR
Log In

You Might Also Like...

Show Comments

Extras

Top Quizzes Today


Score Distribution

Your Account Isn't Verified!

In order to create a playlist on Sporcle, you need to verify the email address you used during registration. Go to your Sporcle Settings to finish the process.

Report this User

Report this user for behavior that violates our Community Guidelines.

Details: